The Sustainable Development Reader (Record no. 4092)

000 -LEADER
fixed length control field 00330nam a22001217a 4500
008 - FIXED-LENGTH DATA ELEMENTS--GENERAL INFORMATION
fixed length control field 160401b xxu||||| |||| 00| 0 eng d
020 ## - INTERNATIONAL STANDARD BOOK NUMBER
International Standard Book Number 9780415453820
082 ## -
Classification number 307.121 6 SUS
100 ## - MAIN ENTRY--PERSONAL NAME
Personal name WHEELER, S.M & BETLEY T. (EDs)
245 ## - TITLE STATEMENT
Title The Sustainable Development Reader
250 ## - EDITION STATEMENT
Edition statement 2nd ed.
260 ## - PUBLICATION, DISTRIBUTION, ETC. (IMPRINT)
Place of publication, distribution, etc. London:
Name of publisher, distributor, etc. Routledge,
Date of publication, distribution, etc. 2009
Holdings
Withdrawn status Lost status Source of classification or shelving scheme Damaged status Koha normalized classification for sorting Not for loan Home library Current library Shelving location Date acquired Total Checkouts Full call number Barcode Date last seen Copy number Price effective from Koha item type
        307_121000000000000_6_SUS   Dodoma Furaha Reference 01/04/2016   307.121 6 SUS 000000011303 24/07/2019 1 01/04/2016 BOOKS

IRDP © 2019 :: Managed by IRDP ICT Unit